000 01027nam a2200277 a 4500
001 000023522
003 OSt
005 20250701132841.0
008 101210s1994 ag r 000 0 spa d
020 _a9500709384
040 _aDO-SdBNP
_bspa
_cBNPHU
082 _a338.9
_bK65e
100 1 _aKlitgaard G. A. , Robert
_948483
240 1 0 _aAdjusting to reality /
_lEspañol
245 1 0 _aAjustándonos a la realidad :
_bpolíticas creativas para un "mercado versus estado" en beneficio de todos /
_cRobert Klitgaard ; traducción de Martha Uriona G. A.
260 _aBuenos Aires :
_bEditorial Sudamericana,
_c1994.
300 _a313 p. :
_bil. ;
_c23 cm.
500 _aIncluye notas al pie de páginas
500 _aIncluye datos biográficos del autor en la solapa de la portada.
590 _aInventariado, 2020/ YL
650 0 _aDesarrollo económico
_985548
650 4 _aPaises en desarrollo
_xPolítica económica
_948484
700 1 _aUriona G. A, Martha
_etr.
_948485
910 _aEn proceso
942 _2ddc
_cLF1
999 _c23018
_d23018